000 00950cam a2200253 4500
001 WB3710-13
008 000000n2001 000 0 eng u
035 _a(Sirsi) u111298
245 _aBRE to conduct domestic water consumption MTP
260 _c2001
490 _aBRE Press Release
_v26 February 2001, (1)
520 _aTo assist the DETR's Market Transformation Programme, the BRE has been contracted to research and produce a policy brief on UK domestic water consumption. Among the issues it will be looking at is past and present water consumption by domestic appliances.
590 _aWB
650 _aBRE
650 _aBUILDING RESEARCH ESTABLISHMENT
650 _aDETR
650 _aWATER
650 _aWATER CONSUMPTION
650 _aDOMESTIC USE
650 _aNATIONAL WATER CONSERVATION GROUP
650 _aEFFICIENCY
690 _aENVIRONMENTAL AND LAND CONSULTANCY-ENERGY-ENERGY USE-ENERGY EFFICIENCY
942 _n0
999 _c66320
_d66320